Statistiken für Angola-Quiz

Klicken Sie hier um das Quiz zu spielen!

Allgemein

  • Dieses Quiz wurde 1.019 mal gespielt
  • Das Durchschnittsergebnis liegt bei 9 aus 18

Antwortstatistiken

FrageAntwort% Korrekt
Land, das an die Südgrenze Angolas grenztNamibia
92%
Nachbarland von Angola mit Anfangsbuchstaben SSambia
92%
Hauptstadt von AngolaLuanda
84%
Rohstoff, der 97% der Exporte Angolas ausmachtErdöl
73%
AmtssprachePortugiesisch
71%
Längste Flüsse, die durch Teile Angolas fließenKongo
69%
Staatsideologie von Angola, 1975–1992{Kommun}ismus
66%
Bis ca. 1820 wurden viele Sklaven aus Angola in dieses Land verschifftBrasilien
59%
Land, das ungefähr 2/3 der Exporte Angolas bekommtChina
59%
Angola und Litauen haben sehr wenig gemeinsam. Was sie aber beide teilen: dies ist die beliebteste Sportart in beiden LändernBasketball
45%
Längste Flüsse, die durch Teile Angolas fließenSambesi
44%
Angola ist der viertgrößte Produzent dieses Minerals hinter Russland, Botsuana und KanadaDiamanten
41%
Objekt auf der Flagge Angolas, das die Bauernklasse darstelltMachete
31%
Objekt auf der Flagge Angolas, das die Arbeiterklasse darstelltZahnrad
30%
Exklave, die mehrheitlich die Produktion dieses Rohstoffs ausmachtCabinda
24%
Währung von Angola (auch der Name eines afroamerikanischen Feiertags)Kwanza
21%
Ethniegruppierung, die die ursprünglichen San- und Khoi-Völker im ersten Jahrtausend v. Chr. vertriebenBantu
20%
Zweitgrößte StadtLubango
14%

Verteilung der Resultate

Perzentil nach korrekt beantworteten Fragen

Anzahl Personen mit jedem Resultat

Ihre Resultats-Entwicklung

Sie haben dieses Quiz noch nicht gespielt